| 000 | 01667nam a2200397 a 4500 | ||
|---|---|---|---|
| 001 | 000003594 | ||
| 003 | DO-SdBPM | ||
| 005 | 20260115125924.0 | ||
| 007 | ta | ||
| 008 | 090711s2010 dr ac 001 0 spa d | ||
| 020 | _a9789945876109 | ||
| 040 |
_aDO-SdBPM _bspa _cBPMSU _drda |
||
| 041 | 1 | 7 |
_aspa _aeng _hfre |
| 082 | 4 |
_a327.17 _bC969u 2010 _222 |
|
| 111 | 2 |
_aCumbre Mundial Sobre el Futuro de Haití, "Solidaridad más allá de la crisis" _d(2010 : _cSanto Domingo, República Dominicana) |
|
| 245 | 1 | 0 |
_aUn compromiso con Haití / _ctraductores Dana Roth, Limary Gutierrez, Guillermina Nadal. |
| 264 |
_aSanto Domingo : _bDirección de Información y Prensa de la Presidencia de la República, _c2010. |
||
| 300 |
_a561 páginas : _bilustraciones, retrato. ; _c25 cm. |
||
| 336 |
_atexto _btxt _2rdacontent |
||
| 337 |
_asin mediación _bn _2rdamedia |
||
| 338 |
_avolumen _bnc _2rdacarrier |
||
| 546 | _aTexto en español, inglés y francés | ||
| 590 | _aInventariado, 2026/VM | ||
| 650 | 7 | _aCooperación internacional | |
| 650 | 7 | _aCooperación económica | |
| 650 | 7 | _aCooperación intergubernamental | |
| 651 | 7 |
_aHaití _xRelaciones exteriores _xCongresos, conferencias,etc. |
|
| 651 | 7 |
_aHaití _xCondiciones económicas _xCongresos, conferencias,etc. |
|
| 651 | 7 |
_aHaití _xCondiciones sociales _xCongresos, conferencias etc. |
|
| 700 | 1 |
_aRoth, Dana, _etraductor |
|
| 700 | 1 |
_aGutierrez, Limary, _etraductor |
|
| 700 | 1 |
_aNadal, Guillermina, _etraductor |
|
| 710 | 2 |
_aRepública Dominicana. _bPresidencia de la República. _bDirección de Información, Prensa y Publicidad |
|
| 910 | _aVMateo V. Control de calidad. BPMSU | ||
| 942 |
_2ddc _cBK |
||
| 999 |
_c15603 _d15603 |
||